Normal view
MARC view
- Meeks, Linda, Heit, Philip
Entry Personal Name
001 - CONTROL NUMBER
- control field: 62238
003 - CONTROL NUMBER IDENTIFIER
- control field: NUST
005 - DATE AND TIME OF LATEST TRANSACTION
- control field: 20210628202913.0
008 - FIXED-LENGTH DATA ELEMENTS
- fixed length control field: 210628|| aca||aabn | a|a d
040 ## - CATALOGING SOURCE
- Original cataloging agency: NUST
- Transcribing agency: NUST
100 ## - HEADING--PERSONAL NAME
- Personal name: Meeks, Linda, Heit, Philip
670 ## - SOURCE DATA FOUND
- Source citation: Work cat.: (NUST): Meeks, Linda, Heit, Philip, Totally awesome health, course 2, 1999
